000 00229nam a22000857a 4500
008 160713b xxu||||| |||| 00| 0 eng d
100 _92735
_a Irwin, M., et al
245 _aThe Moon is not Enough
260 _aMichigan
_b Zondervan
_c1981
999 _c2376
_d2376